01080nam a2200205Ia 4500008004100000040001800041041000800059245004500067260006400112300002100176500006300197508005900260511007700319520026000396546007100656650002000727650001700747700002100764856008900785130821s2002 xxua gs eng  aCo-BoUCMbspa00aeng04aThe hot chickc[DVD]cdirector Tom Brady aWashington D.C. (Estados Unidos)bTouchstone Picturesc2002 a1 (DVD)bson.col aConocida como Este cuerpo no es mío en Hispanoamérica. aGuión Tom Brady , Rob Schneider, musica John Debney. aRob Schneider, Anna Faris, Rachel McAdams, Melora Hardin, Samia Doumit . aJessica Spencer (Rachel McAdams) está con vencida de que su vida es absolutamente perfecta. Es la chica más popular y más atractiva del instituto. Además es la jefa de las animadoras y sale con el defensa central más guapo del equipo. Pero Jessi aAudio en inglés, francés. Subtítulos en español, inglés. aBrujeríavDVD aComediavDVD1 aBrady, Tomedir.04uhttp://www.youtube.com/watch?v=FHDY5yJFR6EzSiga este vínculo para ver el trailer.